[Event "M.Chigorin Memorial 2014"]
[Site "St. Petersburg"]
[Date "2014.10.19"]
[Round "2.1"]
[White "Matlakov, Maxim"]
[Black "Kukhmazov, Arsen"]
[Result "1-0"]
[WhiteElo "2692"]
[BlackElo "2351"]
[PlyCount "65"]
[EventDate "2014.10.18"]
[EventType "swiss"]
[EventCountry "RUS"]
[TimeControl "5400+1085"]
[WhiteClock "0:04:16"]
[BlackClock "0:08:26"]

1. d4 d5 2. c4 c6 3. Nf3 Nf6 4. e3 Bg4 5. h3 Bh5 6. Qb3 Qb6 7. Nc3 e6 8. Ne5
Nbd7 9. g4 Bg6 10. Nxg6 hxg6 11. Bg2 Bb4 12. Bd2 Bxc3 13. Bxc3 Ne4 14. Bb4 a5
15. Ba3 Nef6 16. O-O Qc7 17. Rfc1 Nb6 18. cxd5 exd5 19. Qd3 O-O-O 20. b4 Nc4
21. bxa5 Nxa5 22. Bc5 Rde8 23. Rab1 Nc4 24. Rxc4 dxc4 25. Qxc4 Nd5 26. Rb3 Rd8
27. Ra3 Qb8 28. Ra7 Rd7 29. Qa4 Nc7 30. Bb6 Re7 31. Bxc7 Kxc7 32. Qxc6+ Kd8 33.
Qa4 1-0

[Event "M.Chigorin Memorial 2014"]
[Site "St. Petersburg"]
[Date "2014.10.19"]
[Round "2.2"]
[White "Zhurikhin, Alexander"]
[Black "Alekseev, Evgeny"]
[Result "1/2-1/2"]
[WhiteElo "2347"]
[BlackElo "2682"]
[PlyCount "72"]
[EventDate "2014.10.18"]
[EventType "swiss"]
[EventCountry "RUS"]
[TimeControl "6000+1180"]
[WhiteClock "0:01:50"]
[BlackClock "0:01:03"]

1. e4 c5 2. Nf3 e6 3. c4 Nc6 4. Be2 g5 5. h3 Bg7 6. d3 h6 7. Nc3 d6 8. Be3 Nd4
9. O-O Ne7 10. Nh2 Ng6 11. Bh5 Nf4 12. Bxf4 gxf4 13. Nf3 Bd7 14. Rb1 O-O 15.
Nxd4 cxd4 16. Nb5 Be5 17. Na3 a6 18. Nc2 Rb8 19. Ne1 b5 20. Nf3 Bg7 21. b4 Qc7
22. Qc1 bxc4 23. dxc4 e5 24. Nd2 Kh7 25. Qd1 Bf6 26. Kh2 Be7 27. a3 Be6 28. Bg4
Qd7 29. Bxe6 Qxe6 30. Qf3 Rg8 31. Rg1 Rg6 32. Rbc1 Qd7 33. Rb1 Bh4 34. Rbc1 Be7
35. Rb1 Bh4 36. Rbc1 Be7 1/2-1/2

[Event "M.Chigorin Memorial 2014"]
[Site "St. Petersburg"]
[Date "2014.10.19"]
[Round "2.3"]
[White "Khismatullin, Denis"]
[Black "Baghdasaryan, Vahe"]
[Result "1-0"]
[WhiteElo "2681"]
[BlackElo "2343"]
[PlyCount "61"]
[EventDate "2014.10.18"]
[EventType "swiss"]
[EventCountry "RUS"]
[TimeControl "5400+1880"]
[WhiteClock "0:01:44"]
[BlackClock "0:00:45"]

1. e4 c5 2. Nf3 e6 3. g3 Nc6 4. Bg2 Nf6 5. Qe2 d6 6. O-O Be7 7. c3 e5 8. Rd1
Bg4 9. h3 Be6 10. Na3 Qc8 11. Kh2 h5 12. d3 h4 13. g4 d5 14. exd5 Nxd5 15. Nc4
Qc7 16. Kg1 Nf4 17. Bxf4 exf4 18. d4 cxd4 19. cxd4 Bd5 20. Rac1 O-O 21. Nce5
Rad8 22. Nxc6 bxc6 23. Ne5 Bxg2 24. Kxg2 c5 25. Nf3 Rfe8 26. dxc5 Bxc5 27. Qc4
Rxd1 28. Rxd1 Qb6 29. Rd7 Re7 30. Rd5 Bxf2 31. Qc8+ 1-0

[Event "M.Chigorin Memorial 2014"]
[Site "St. Petersburg"]
[Date "2014.10.19"]
[Round "2.4"]
[White "Rodshtein, Maxim"]
[Black "Duzhakov, Ilya"]
[Result "1/2-1/2"]
[WhiteElo "2678"]
[BlackElo "2341"]
[PlyCount "68"]
[EventDate "2014.10.18"]
[EventType "swiss"]
[EventCountry "RUS"]
[TimeControl "5400+1020"]
[WhiteClock "0:04:46"]
[BlackClock "0:03:07"]

1. e4 e6 2. d4 d5 3. Nc3 Bb4 4. a3 Bxc3+ 5. bxc3 dxe4 6. Qg4 Nf6 7. Qxg7 Rg8 8.
Qh6 Nbd7 9. Ne2 c5 10. Ng3 Rg6 11. Qe3 Qc7 12. Nxe4 cxd4 13. Nxf6+ Nxf6 14.
cxd4 Qxc2 15. Bd2 Nd5 16. Qe5 f6 17. Bb5+ Kf7 18. Qh5 Qe4+ 19. Be2 Kg8 20. Qf3
Qxd4 21. Rc1 Bd7 22. h4 Rc8 23. Rxc8+ Bxc8 24. h5 Rg7 25. Bh6 Qa1+ 26. Bd1 Qe5+
27. Kf1 Rd7 28. Rh3 Kh8 29. Rg3 Qa1 30. Ke1 Qe5+ 31. Kf1 Qa1 32. Ke1 Qe5+ 33.
Kf1 Qa1 34. Ke1 Qe5+ 1/2-1/2

[Event "M.Chigorin Memorial 2014"]
[Site "St. Petersburg"]
[Date "2014.10.19"]
[Round "2.5"]
[White "Golubov, Saveliy"]
[Black "Grachev, Boris"]
[Result "1/2-1/2"]
[WhiteElo "2347"]
[BlackElo "2673"]
[PlyCount "47"]
[EventDate "2014.10.18"]
[EventType "swiss"]
[EventCountry "RUS"]
[TimeControl "6000+945"]
[WhiteClock "0:20:20"]
[BlackClock "0:06:30"]

1. e4 c5 2. Nf3 Nc6 3. d4 cxd4 4. Nxd4 e6 5. Nc3 a6 6. Be2 Qc7 7. O-O b5 8. Be3
Bb7 9. Nxc6 Bxc6 10. a3 Nf6 11. Bd3 Be7 12. Qe2 O-O 13. f4 d6 14. Rae1 Rab8 15.
Bf2 b4 16. axb4 Rxb4 17. b3 a5 18. h3 h6 19. Ra1 Ra8 20. Kh1 Rbb8 21. Bd4 Rb4
22. Bf2 Rbb8 23. Bd4 Rb4 24. Bf2 1/2-1/2

[Event "M.Chigorin Memorial 2014"]
[Site "St. Petersburg"]
[Date "2014.10.19"]
[Round "2.6"]
[White "Sjugirov, Sanan"]
[Black "Yandarbiev, Ruslan"]
[Result "1-0"]
[WhiteElo "2664"]
[BlackElo "2339"]
[PlyCount "65"]
[EventDate "2014.10.18"]
[EventType "swiss"]
[EventCountry "RUS"]
[TimeControl "6000+985"]
[WhiteClock "0:34:32"]
[BlackClock "0:07:29"]

1. d4 Nf6 2. c4 g6 3. Nc3 Bg7 4. e4 d6 5. f3 O-O 6. Be3 c5 7. dxc5 dxc5 8. Qxd8
Rxd8 9. Bxc5 Nc6 10. Be3 b6 11. Rc1 Nd7 12. Nge2 Nde5 13. Nf4 e6 14. Be2 Nd4
15. b3 Bb7 16. Kf2 Nec6 17. Rhd1 Nb4 18. Rd2 a6 19. Na4 b5 20. Nc5 Bc6 21. a3
Nxe2 22. Kxe2 Rxd2+ 23. Bxd2 Bb2 24. axb4 Bxc1 25. Bxc1 a5 26. Nfd3 axb4 27.
Nxb4 Be8 28. e5 bxc4 29. bxc4 Rb8 30. Bd2 Rc8 31. Ne4 Ba4 32. Nd6 Rc7 33. Kd3
1-0

[Event "M.Chigorin Memorial 2014"]
[Site "St. Petersburg"]
[Date "2014.10.19"]
[Round "2.7"]
[White "Demianjuk, Alexander"]
[Black "Smirin, Ilia"]
[Result "1/2-1/2"]
[WhiteElo "2342"]
[BlackElo "2655"]
[PlyCount "55"]
[EventDate "2014.10.18"]
[EventType "swiss"]
[EventCountry "RUS"]
[TimeControl "6000+1160"]
[WhiteClock "0:24:03"]
[BlackClock "0:30:50"]

1. d4 c5 2. d5 Nf6 3. c4 g6 4. Nc3 Bg7 5. e4 d6 6. h3 O-O 7. Nf3 Na6 8. Bd3 e5
9. O-O Nh5 10. Re1 Nc7 11. a3 b6 12. Rb1 a5 13. Bg5 Qe8 14. b4 axb4 15. axb4
Na6 16. bxc5 bxc5 17. Nb5 Qd7 18. Bd2 Qe7 19. Ra1 Nf4 20. Bf1 h6 21. Ra5 Rb8
22. Qa1 Rb6 23. Ra4 Nh5 24. Ba5 Rb8 25. Bc3 Rb6 26. Ba5 Rb8 27. Bc3 Rb6 28. Ba5
1/2-1/2

[Event "M.Chigorin Memorial 2014"]
[Site "St. Petersburg"]
[Date "2014.10.19"]
[Round "2.8"]
[White "Bublei, Pavel"]
[Black "Khairullin, Ildar"]
[Result "1/2-1/2"]
[WhiteElo "2339"]
[BlackElo "2643"]
[PlyCount "82"]
[EventDate "2014.10.18"]
[EventType "swiss"]
[EventCountry "RUS"]
[TimeControl "6000+1320"]
[WhiteClock "0:34:05"]
[BlackClock "0:29:21"]

1. d4 f5 2. c4 Nf6 3. g3 g6 4. Bg2 Bg7 5. Nf3 O-O 6. O-O d6 7. Nc3 c6 8. Qb3
Kh8 9. Be3 Na6 10. Rad1 Nc7 11. h3 Rb8 12. a4 b6 13. Rfe1 a6 14. d5 c5 15. Bg5
b5 16. e4 fxe4 17. Nxe4 Bf5 18. Nxf6 exf6 19. Bc1 bxc4 20. Qxc4 Rb4 21. Qc3
Rxa4 22. Nh4 Nb5 23. Qd2 Bd7 24. Nf3 Re8 25. Rxe8+ Bxe8 26. Re1 Bf7 27. Qc2 Ra1
28. Nd2 Nd4 29. Qc4 Be8 30. Nb3 Bb5 31. Qc3 f5 32. Nxd4 Bxd4 33. Qd2 Kg8 34.
Kh2 Be5 35. Qh6 Qd7 36. Qg5 Kf7 37. Qh6 Kg8 38. Qg5 Kf7 39. Qh6 Kg8 40. Qg5 Kf7
41. Qh6 Kg8 1/2-1/2

[Event "M.Chigorin Memorial 2014"]
[Site "St. Petersburg"]
[Date "2014.10.19"]
[Round "2.9"]
[White "Timerkhanov, Alexander"]
[Black "Ivanisevic, Ivan"]
[Result "0-1"]
[WhiteElo "2324"]
[BlackElo "2623"]
[PlyCount "66"]
[EventDate "2014.10.18"]
[EventType "swiss"]
[EventCountry "RUS"]
[TimeControl "6000+985"]
[WhiteClock "0:01:19"]
[BlackClock "0:04:16"]

1. d4 Nf6 2. Bg5 d5 3. Bxf6 gxf6 4. e3 c5 5. dxc5 e6 6. c4 dxc4 7. Qxd8+ Kxd8
8. Nc3 Bxc5 9. Bxc4 Ke7 10. Nf3 Nd7 11. a3 a6 12. Ke2 Ne5 13. Nxe5 fxe5 14. g4
Bd7 15. Bd3 h6 16. Be4 f5 17. gxf5 exf5 18. Bd5 e4 19. Rhg1 Be8 20. Rg7+ Kf6
21. Rag1 Bh5+ 22. Ke1 Rhd8 23. Bc4 b5 24. Bb3 b4 25. Nd5+ Rxd5 26. Bxd5 Rd8 27.
Rh7 Bf8 28. Bb3 bxa3 29. bxa3 Rb8 30. Rg8 Rxb3 31. Rxf8+ Kg6 32. Rd7 Rb1+ 33.
Kd2 Rd1+ 0-1

[Event "M.Chigorin Memorial 2014"]
[Site "St. Petersburg"]
[Date "2014.10.19"]
[Round "2.10"]
[White "Andriasian, Zaven"]
[Black "Ovod, Evgenija"]
[Result "1-0"]
[WhiteElo "2622"]
[BlackElo "2325"]
[PlyCount "99"]
[EventDate "2014.10.18"]
[EventType "swiss"]
[EventCountry "RUS"]
[TimeControl "6000+2800"]
[WhiteClock "0:35:18"]
[BlackClock "0:13:40"]

1. e4 e5 2. Nf3 Nc6 3. Bc4 Bc5 4. c3 Nf6 5. d3 a6 6. O-O Ba7 7. Nbd2 O-O 8. h3
h6 9. Re1 d6 10. Bb3 Be6 11. Nf1 Re8 12. Ng3 d5 13. exd5 Nxd5 14. Nh2 Qh4 15.
Qf3 Rad8 16. Bd2 f5 17. Nxf5 Qxf2+ 18. Qxf2 Bxf2+ 19. Kxf2 Bxf5 20. Rad1 Kh7
21. Bc1 Nf4 22. Bxf4 exf4 23. d4 g5 24. Nf3 Kg6 25. Rxe8 Rxe8 26. Bd5 Nd8 27.
Ne5+ Kf6 28. Bf3 Re7 29. b4 c6 30. Re1 Nf7 31. Ng4+ Bxg4 32. hxg4 Rxe1 33. Kxe1
Nd6 34. Ke2 Ke6 35. Kd3 Ne8 36. c4 Nf6 37. a4 h5 38. gxh5 g4 39. d5+ Ke5 40.
dxc6 bxc6 41. Bxc6 Nxh5 42. a5 f3 43. gxf3 g3 44. Ke3 Nf4 45. b5 Kd6 46. Be4
axb5 47. cxb5 Ng2+ 48. Ke2 Nf4+ 49. Kf1 Kc5 50. b6 1-0

[Event "M.Chigorin Memorial 2014"]
[Site "St. Petersburg"]
[Date "2014.10.19"]
[Round "2.11"]
[White "Tseitlin, Mark D"]
[Black "Ponkratov, Pavel"]
[Result "1-0"]
[WhiteElo "2320"]
[BlackElo "2617"]
[PlyCount "89"]
[EventDate "2014.10.18"]
[EventType "swiss"]
[EventCountry "RUS"]
[TimeControl "6000+650"]
[WhiteClock "0:24:41"]
[BlackClock "1:13:33"]

1. e4 e6 2. d4 d5 3. Nd2 c5 4. Ngf3 cxd4 5. Nxd4 Nf6 6. e5 Nfd7 7. N2f3 Nc6 8.
Bf4 Be7 9. c3 g5 10. Bg3 h5 11. h4 g4 12. Nxc6 bxc6 13. Nd4 Qb6 14. b4 Qc7 15.
b5 cxb5 16. Nxb5 Qa5 17. Qd4 Bc5 18. Qd2 Ba6 19. a4 Rc8 20. Bd3 Bxb5 21. Bxb5
Bb6 22. O-O a6 23. Bxd7+ Kxd7 24. Rfb1 Rc7 25. Kh2 Kc8 26. Rb3 d4 27. Rc1 Rd8
28. Qb2 dxc3 29. Rbxc3 Rdd7 30. Rxc7+ Rxc7 31. Rb1 Rc6 32. Qa3 Bc5 33. Qd3 Qxa4
34. Qh7 Rb6 35. Qg8+ Kc7 36. Rc1 Qd4 37. Qxf7+ Kb8 38. Qxh5 a5 39. Qg6 Ba3 40.
Qe8+ Ka7 41. Rc8 Qe4 42. h5 Bb2 43. Rc5 Ka6 44. h6 Qb7 45. Qa4 1-0

[Event "M.Chigorin Memorial 2014"]
[Site "St. Petersburg"]
[Date "2014.10.19"]
[Round "2.12"]
[White "Bukavshin, Ivan"]
[Black "Batyuk, Artem"]
[Result "1-0"]
[WhiteElo "2616"]
[BlackElo "2324"]
[PlyCount "69"]
[EventDate "2014.10.18"]
[EventType "swiss"]
[EventCountry "RUS"]
[TimeControl "6000+860"]
[WhiteClock "0:38:04"]
[BlackClock "0:08:40"]

1. d4 Nf6 2. c4 g6 3. Nc3 Bg7 4. e4 d6 5. Be2 O-O 6. Nf3 e5 7. O-O Nc6 8. d5
Ne7 9. Qc2 Nd7 10. Rd1 h6 11. b4 a5 12. Ba3 axb4 13. Bxb4 b6 14. a4 f5 15. a5
bxa5 16. Bxa5 Ba6 17. Nb5 Bxb5 18. cxb5 Nc5 19. Nd2 fxe4 20. Nxe4 Nxe4 21. Qxe4
Rf4 22. Qc2 Qf8 23. Qxc7 e4 24. Bc3 Rxa1 25. Rxa1 Rxf2 26. Re1 Bxc3 27. Qxc3
Rf7 28. Qb4 Nxd5 29. Qxe4 Nf4 30. Bf1 d5 31. Qd4 Qd6 32. Re8+ Rf8 33. Rxf8+
Kxf8 34. b6 Ne6 35. Qf6+ 1-0

[Event "M.Chigorin Memorial 2014"]
[Site "St. Petersburg"]
[Date "2014.10.19"]
[Round "2.13"]
[White "Gorozhanin, Mikhail"]
[Black "Ganguly, Surya Shekhar"]
[Result "0-1"]
[WhiteElo "2317"]
[BlackElo "2613"]
[PlyCount "96"]
[EventDate "2014.10.18"]
[EventType "swiss"]
[EventCountry "RUS"]

1. d4 Nf6 2. Bf4 g6 3. e3 Bg7 4. Nf3 d6 5. h3 O-O 6. Be2 c5 7. c3 b6 8. O-O Bb7
9. a4 Nc6 10. Nbd2 Rc8 11. Bh2 Re8 12. Re1 Qc7 13. Nb3 e5 14. a5 Rcd8 15. a6
Bc8 16. Bb5 Bd7 17. d5 Nb8 18. Bxd7 Qxd7 19. e4 Rf8 20. Qe2 Ne8 21. Nbd2 Nc7
22. Ra2 h5 23. Rea1 Bh6 24. Nc4 Qb5 25. Qd3 Kh7 26. g4 hxg4 27. hxg4 Qd7 28. g5
Bg7 29. Bg3 Qh3 30. Ne3 Rh8 31. Qf1 Qd7 32. Nh2 Qe7 33. Qh3+ Kg8 34. Qg4 Rh5
35. Nf3 Qd7 36. Qxd7 Nxd7 37. c4 Bf8 38. Kg2 Be7 39. Bh4 Kg7 40. Nc2 Rdh8 41.
Rh1 Bxg5 42. Bxg5 Rxh1 43. Be7 f6 44. Na3 g5 45. Bxd6 Ne8 46. Nb5 g4 47. Nd2
R1h2+ 48. Kg3 f5 0-1

[Event "M.Chigorin Memorial 2014"]
[Site "St. Petersburg"]
[Date "2014.10.19"]
[Round "2.14"]
[White "Sethuraman, S.P."]
[Black "Abramov, Nikita"]
[Result "1-0"]
[WhiteElo "2613"]
[BlackElo "2318"]
[PlyCount "43"]
[EventDate "2014.10.18"]
[EventType "swiss"]
[EventCountry "RUS"]

1. Nf3 Nf6 2. c4 b6 3. Nc3 Bb7 4. d4 e6 5. a3 d5 6. cxd5 Nxd5 7. Bd2 Nd7 8. Qc2
c5 9. e4 Nxc3 10. Bxc3 cxd4 11. Nxd4 Bc5 12. Rd1 a6 13. Nb3 Qh4 14. Nxc5 Nxc5
15. Bxg7 Rg8 16. Be5 Bxe4 17. Qc3 Bd5 18. Qe3 Qa4 19. b4 O-O-O 20. Rc1 Rxg2 21.
Bxg2 Bxg2 22. Rg1 1-0

[Event "M.Chigorin Memorial 2014"]
[Site "St. Petersburg"]
[Date "2014.10.19"]
[Round "2.15"]
[White "Kashtanov, Ruslan"]
[Black "Smirnov, Pavel"]
[Result "1-0"]
[WhiteElo "2316"]
[BlackElo "2611"]
[PlyCount "59"]
[EventDate "2014.10.18"]
[EventType "swiss"]
[EventCountry "RUS"]

1. c4 e6 2. e4 c5 3. Nc3 Nc6 4. g3 Nf6 5. f4 d5 6. e5 d4 7. exf6 dxc3 8. bxc3
e5 9. Bg2 exf4 10. Qe2+ Be6 11. Nh3 fxg3 12. fxg7 Bxg7 13. Nf4 Qd6 14. Nxe6
fxe6 15. Qh5+ Ke7 16. O-O gxh2+ 17. Kh1 Raf8 18. Ba3 b6 19. d4 Nxd4 20. cxd4
Bxd4 21. Qh4+ Kd7 22. Rxf8 Rxf8 23. Qxh7+ Kd8 24. Rd1 a5 25. Bc1 Qe7 26. Qe4
Qd7 27. Bg5+ Kc7 28. Qb7+ Kd6 29. Qxb6+ Ke5 30. Be3 1-0

[Event "M.Chigorin Memorial 2014"]
[Site "St. Petersburg"]
[Date "2014.10.19"]
[Round "2.16"]
[White "Potkin, Vladimir"]
[Black "Musaev, Rasul"]
[Result "1/2-1/2"]
[WhiteElo "2610"]
[BlackElo "2316"]
[PlyCount "76"]
[EventDate "2014.10.18"]
[EventType "swiss"]
[EventCountry "RUS"]

1. d4 g6 2. e4 Bg7 3. Nf3 d6 4. Nc3 Nf6 5. Be2 O-O 6. O-O c6 7. a4 Qc7 8. Bf4
Nbd7 9. e5 Nh5 10. exd6 exd6 11. Be3 d5 12. Re1 a5 13. Qd2 Re8 14. h3 f5 15.
Bh6 Nhf6 16. Bxg7 Kxg7 17. Bf1 Ne4 18. Qc1 b6 19. Nd1 Bb7 20. Ne3 Rac8 21. c4
Qd6 22. cxd5 cxd5 23. Qd1 Nf8 24. Qb3 Re7 25. Rac1 Rec7 26. Rxc7+ Rxc7 27. Nc2
Ne6 28. Rd1 h5 29. h4 Kf6 30. Nce1 Kg7 31. Nd3 Ba6 32. Nde5 Bxf1 33. Kxf1 Nf4
34. Qe3 Ne6 35. Qb3 Nf4 36. Qe3 Ne6 37. Qb3 Nf4 38. Qe3 Ne6 1/2-1/2

[Event "M.Chigorin Memorial 2014"]
[Site "St. Petersburg"]
[Date "2014.10.19"]
[Round "2.17"]
[White "Mishuchkov, Nikolai M"]
[Black "Goganov, Aleksey"]
[Result "0-1"]
[WhiteElo "2310"]
[BlackElo "2608"]
[PlyCount "94"]
[EventDate "2014.10.18"]
[EventType "swiss"]
[EventCountry "RUS"]

1. d4 Nf6 2. Nf3 e6 3. c4 d5 4. e3 Be7 5. Bd3 O-O 6. O-O dxc4 7. Bxc4 a6 8. Bd3
c5 9. dxc5 Nc6 10. Nc3 Bxc5 11. b3 Nb4 12. Bb1 b5 13. a3 Nbd5 14. Nxd5 Qxd5 15.
Qxd5 Nxd5 16. Bb2 Bb7 17. Bd3 Rfd8 18. Rfd1 Rac8 19. Be2 f6 20. Rac1 e5 21. Ne1
Be7 22. Bf3 Rxc1 23. Rxc1 Kf7 24. Kf1 g6 25. Be2 Rc8 26. Rxc8 Bxc8 27. Nd3 Be6
28. e4 Nb6 29. Bd1 a5 30. f4 a4 31. b4 Bc4 32. Be2 exf4 33. Nxf4 Bd6 34. g3
Bxf4 35. gxf4 g5 36. fxg5 fxg5 37. Bc1 Kf6 38. Kf2 Bxe2 39. Kxe2 Ke5 40. Kd3 h6
41. Bb2+ Ke6 42. Bg7 h5 43. Bb2 Nc4 44. Bc1 g4 45. Kd4 h4 46. Bf4 Nxa3 47. Kc5
Nc2 0-1

[Event "M.Chigorin Memorial 2014"]
[Site "St. Petersburg"]
[Date "2014.10.19"]
[Round "2.18"]
[White "Savchenko, Boris"]
[Black "Basso, Pier Luigi"]
[Result "1/2-1/2"]
[WhiteElo "2608"]
[BlackElo "2312"]
[PlyCount "69"]
[EventDate "2014.10.18"]
[EventType "swiss"]
[EventCountry "RUS"]

1. e4 c5 2. Nf3 d6 3. d4 cxd4 4. Nxd4 Nf6 5. Nc3 a6 6. Bg5 e6 7. f4 Nbd7 8. Qf3
Qc7 9. O-O-O b5 10. Bd3 Bb7 11. Rhe1 Qb6 12. Nce2 Be7 13. Qh3 O-O-O 14. f5 e5
15. Nb3 Nc5 16. Nxc5 dxc5 17. c4 b4 18. Ng3 a5 19. Bb1 Rxd1+ 20. Rxd1 Rd8 21.
Nf1 Rxd1+ 22. Kxd1 Qd8+ 23. Nd2 Qd4 24. b3 Qg1+ 25. Ke2 Qc1 26. Be3 Qb2 27. Qg3
Bf8 28. Qf3 Be7 29. h3 Kc7 30. Bf2 Qc3 31. Qe3 h6 32. Bd3 Qb2 33. Bb1 Qc3 34.
Bd3 Qb2 35. Bb1 1/2-1/2

[Event "M.Chigorin Memorial 2014"]
[Site "St. Petersburg"]
[Date "2014.10.19"]
[Round "2.19"]
[White "Donskov, Anatoly"]
[Black "Wen, Yang"]
[Result "0-1"]
[WhiteElo "2309"]
[BlackElo "2601"]
[PlyCount "81"]
[EventDate "2014.10.18"]
[EventType "swiss"]
[EventCountry "RUS"]

1. e4 c5 2. Nf3 d6 3. d4 cxd4 4. Nxd4 Nf6 5. Nc3 a6 6. Be2 e5 7. Nb3 Be7 8. O-O
O-O 9. Re1 Be6 10. Bf3 Nbd7 11. a4 Qb8 12. Nd2 Bd8 13. Nf1 Ba5 14. Bd2 Qc7 15.
Ne3 Rac8 16. g4 Bxc3 17. Bxc3 Nc5 18. Nf5 Rfd8 19. Qc1 Ne8 20. Ra3 Kh8 21. Bg2
f6 22. f4 Bg8 23. Ne3 Qd7 24. f5 Nxa4 25. Bd2 Qb5 26. b3 Nc3 27. Nc4 Qc5+ 28.
Be3 Qc6 29. Nb6 Rb8 30. Bf2 Nc7 31. g5 d5 32. exd5 N7xd5 33. Ra5 Qc7 34. gxf6
gxf6 35. Nxd5 Nxd5 36. Rc5 Qg7 37. Bg3 Rd7 38. Rd1 Rbd8 39. Bxd5 Bxd5 40. Qe3
Bc6 41. Rd3 0-1

[Event "M.Chigorin Memorial 2014"]
[Site "St. Petersburg"]
[Date "2014.10.19"]
[Round "2.20"]
[White "Volkov, Sergey"]
[Black "Rjabzev, Konstantin"]
[Result "1-0"]
[WhiteElo "2599"]
[BlackElo "2310"]
[PlyCount "107"]
[EventDate "2014.10.18"]
[EventType "swiss"]
[EventCountry "RUS"]

1. d4 d5 2. c4 e6 3. Nc3 Be7 4. cxd5 exd5 5. Bf4 c6 6. e3 Bd6 7. Bg3 Ne7 8. Nf3
O-O 9. a3 Re8 10. Be2 b6 11. Rc1 Ba6 12. Rc2 Bxe2 13. Qxe2 Nf5 14. Qd3 g6 15.
Ne2 a5 16. O-O Nxg3 17. hxg3 Ra7 18. Rfc1 Rae7 19. Nf4 Qd7 20. Qb3 Qb7 21. Nd3
f6 22. Rxc6 Nxc6 23. Qxd5+ Re6 24. Qxc6 Qxc6 25. Rxc6 Bb8 26. Rc3 Kf7 27. Nf4
Rd6 28. Kf1 Re7 29. Rb3 g5 30. Ne2 h5 31. Nc3 Bc7 32. d5 Bd8 33. Nd4 Rb7 34. e4
Rdd7 35. Ncb5 Be7 36. f4 Bc5 37. Ne6 Be7 38. Rd3 Rb8 39. Ned4 Rc8 40. Ke2 Rc1
41. Nc3 Bc5 42. e5 fxe5 43. fxe5 Kg6 44. e6 Rd8 45. Nb3 Rc2+ 46. Kd1 Rxc3 47.
bxc3 Bxa3 48. c4 Bd6 49. Nd4 g4 50. Nb5 Kf6 51. Nxd6 Rxd6 52. Kc2 Rd8 53. Rb3
Rd6 54. Kc3 1-0

[Event "M.Chigorin Memorial 2014"]
[Site "St. Petersburg"]
[Date "2014.10.19"]
[Round "2.21"]
[White "Polyaninov, Aleksey"]
[Black "Timofeev, Artyom"]
[Result "1/2-1/2"]
[WhiteElo "2295"]
[BlackElo "2598"]
[PlyCount "79"]
[EventDate "2014.10.18"]
[EventType "swiss"]
[EventCountry "RUS"]

1. d4 Nf6 2. Nf3 g6 3. Bg5 Bg7 4. Nbd2 c5 5. Bxf6 Bxf6 6. Ne4 Qb6 7. Nxf6+ Qxf6
8. c3 cxd4 9. Qxd4 Qxd4 10. cxd4 d5 11. Rc1 Nc6 12. e3 Bd7 13. Bb5 f6 14. Rc5
a6 15. Bxc6 Bxc6 16. h4 Kd7 17. Kd2 Rac8 18. Rhc1 b6 19. R5c3 Bb5 20. Rxc8 Rxc8
21. Rxc8 Kxc8 22. Ne1 Kd7 23. Nd3 Kd6 24. f3 Bxd3 25. Kxd3 h5 26. g4 e6 27.
gxh5 gxh5 28. e4 e5 29. Ke3 dxe4 30. Kxe4 exd4 31. Kxd4 f5 32. f4 Ke6 33. Kc4
Kd6 34. Kd4 Ke6 35. Kc4 Kd6 36. a4 Kc6 37. Kd4 Kd6 38. Kc4 Kc6 39. Kd4 Kd6 40.
Kc4 1/2-1/2

[Event "M.Chigorin Memorial 2014"]
[Site "St. Petersburg"]
[Date "2014.10.19"]
[Round "2.22"]
[White "Demchenko, Anton"]
[Black "Popov, Kirill"]
[Result "1-0"]
[WhiteElo "2588"]
[BlackElo "2303"]
[PlyCount "67"]
[EventDate "2014.10.18"]
[EventType "swiss"]
[EventCountry "RUS"]

1. g3 Nf6 2. Bg2 g6 3. e4 d6 4. d4 Bg7 5. Ne2 O-O 6. O-O c6 7. c4 e5 8. Nbc3
Nbd7 9. b3 Re8 10. d5 Qc7 11. Ba3 Bf8 12. Qd2 a6 13. Rad1 cxd5 14. Nxd5 Nxd5
15. Qxd5 Nc5 16. Nc3 Qa5 17. Bxc5 dxc5 18. Qd3 Be6 19. Qc2 Rad8 20. f4 Rxd1 21.
Rxd1 Rd8 22. Rf1 Bh6 23. Kh1 f6 24. Nd5 Bxd5 25. exd5 Qc7 26. Qe4 exf4 27. gxf4
f5 28. Qe6+ Qf7 29. Qb6 Qe7 30. b4 cxb4 31. c5 Rd7 32. Qxb4 Qd8 33. d6 b6 34.
Bc6 1-0

[Event "M.Chigorin Memorial 2014"]
[Site "St. Petersburg"]
[Date "2014.10.19"]
[Round "2.23"]
[White "Khanin, Semen"]
[Black "Aleksandrov, Aleksej"]
[Result "0-1"]
[WhiteElo "2292"]
[BlackElo "2583"]
[PlyCount "66"]
[EventDate "2014.10.18"]
[EventType "swiss"]
[EventCountry "RUS"]

1. e4 e5 2. Nf3 Nc6 3. Bb5 Nf6 4. O-O Nxe4 5. Re1 Nd6 6. Nxe5 Be7 7. Bf1 Nxe5
8. Rxe5 O-O 9. d4 Bf6 10. Re1 Re8 11. Bf4 Rxe1 12. Qxe1 Ne8 13. c3 d5 14. Bd3
g6 15. Nd2 Ng7 16. Qe2 c6 17. Nf3 Bf5 18. Bxf5 Nxf5 19. Be5 Be7 20. Re1 Bf8 21.
h3 f6 22. Bf4 Qd7 23. Nd2 Ng7 24. Qf3 Re8 25. Rxe8 Qxe8 26. Kf1 Qe6 27. Bh6 Bd6
28. Bf4 Kf7 29. Bxd6 Qxd6 30. g3 h5 31. h4 Nf5 32. Qe2 Qe6 33. Qxe6+ Kxe6 0-1

[Event "M.Chigorin Memorial 2014"]
[Site "St. Petersburg"]
[Date "2014.10.19"]
[Round "2.24"]
[White "Kazhgaleyev, Murtas"]
[Black "Strugnell, Carl"]
[Result "1-0"]
[WhiteElo "2566"]
[BlackElo "2297"]
[PlyCount "92"]
[EventDate "2014.10.18"]
[EventType "swiss"]
[EventCountry "RUS"]

1. d4 Nf6 2. c4 e6 3. Nf3 d5 4. Nc3 Be7 5. Bf4 O-O 6. e3 Nbd7 7. c5 Nh5 8. Be5
Nxe5 9. Nxe5 Nf6 10. Bd3 Nd7 11. Nf3 b6 12. b4 a5 13. a3 c6 14. O-O Ba6 15.
Bxa6 Rxa6 16. Qe2 Qa8 17. b5 Ra7 18. cxb6 Nxb6 19. Ne5 cxb5 20. Qxb5 Rc7 21.
Na4 Nc4 22. Nxc4 Rxc4 23. Nb6 Qb7 24. Rab1 Rb8 25. Qxa5 Rc2 26. g3 Bd6 27. Qa4
Qc6 28. Qxc6 Rxc6 29. Nd7 Ra8 30. Rfc1 Rxc1+ 31. Rxc1 Bxa3 32. Ra1 Ra7 33. Ne5
f6 34. Nc6 Rc7 35. Nd8 Be7 36. Nxe6 Rd7 37. Ra5 g5 38. f4 Kf7 39. f5 Bb4 40.
Rb5 Bd2 41. Kf2 Ke7 42. Ke2 Bc1 43. Nc5 Ra7 44. Nd3 Ra2+ 45. Kf3 g4+ 46. Kxg4
Bxe3 1-0

[Event "M.Chigorin Memorial 2014"]
[Site "St. Petersburg"]
[Date "2014.10.19"]
[Round "2.25"]
[White "Palachev, Petr"]
[Black "Bernadskiy, Vitaliy"]
[Result "0-1"]
[WhiteElo "2288"]
[BlackElo "2558"]
[PlyCount "77"]
[EventDate "2014.10.18"]
[EventType "swiss"]
[EventCountry "RUS"]

1. d4 f5 2. Nf3 Nf6 3. g3 g6 4. Bg2 Bg7 5. O-O O-O 6. c4 d6 7. Nc3 Nc6 8. b3
Nh5 9. Bb2 Bd7 10. Re1 f4 11. d5 Ne5 12. Nxe5 Bxe5 13. e3 fxg3 14. hxg3 Qc8 15.
f4 Bg7 16. Kh2 Nf6 17. Qd2 c5 18. dxc6 bxc6 19. Ne4 Nxe4 20. Bxe4 Bxb2 21. Qxb2
Qc7 22. Bg2 Rae8 23. c5 d5 24. Rf1 e5 25. fxe5 Bf5 26. Bh3 Rxe5 27. Bxf5 Rfxf5
28. Rxf5 Rxf5 29. Kg2 h5 30. Rf1 Rxf1 31. Kxf1 Qxg3 32. Qf6 h4 33. Qxc6 Qf3+
34. Ke1 Qxe3+ 35. Kd1 Qg1+ 36. Kd2 Qg2+ 37. Kd1 Kg7 38. Qd6 Qf1+ 39. Kc2 0-1